Problems of development of small business in Poland and ways of promotion it

Gespeichert in:
Bibliographische Detailangaben
1. Verfasser: Bieniok, Henryk
Weitere Verfasser: Krasnicka, Teresa
Format: Buchkapitel
Sprache:Englisch
Schlagworte:
Tags: Tag hinzufügen
Keine Tags, Fügen Sie das erste Tag hinzu!

MARC

LEADER 00000naa$a2200000$$$4500
001 0021519
005 20221207121640.5
041 0 |a eng 
044 |a SK 
245 1 0 |a Problems of development of small business in Poland and ways of promotion it  |c Henryk Bieniok, Teresa Krasnicka 
610 2 0 |a podnik malý 
610 2 0 |a podnik stredný 
610 2 0 |a Poľsko 
610 2 0 |a prostredie podnikové 
610 2 0 |a integrácia ekonomická 
610 2 0 |a Európska únia 
610 2 0 |a rozvoj podniku 
610 2 0 |a bariéry investičné 
610 2 0 |a bariéry konkurenčné 
100 1 |a Bieniok, Henryk 
700 1 |a Krasnicka, Teresa